000 00682cam a22002413a 4500
001 18938
003 PGUSA
005 20140828083413.0
008 060729s2006||||xxu|||||s|||||000 | eng d
040 _aPGUSA
_beng
042 _adc
050 4 _aZ
100 1 _aElton, Charles Isaac,
_d1839-1900
245 1 4 _aThe Great Book-Collectors
_h[electronic resource] /
_cCharles Isaac Elton
260 _bProject Gutenberg,
_c2006
506 _aPublic domain in the USA.
516 _aElectronic text
653 _aBook collecting
653 _aBook collectors -- Biography
830 0 _aProject Gutenberg
_v18938
856 4 0 _uhttp://www.gutenberg.org/ebooks/18938
942 _cEB
999 _c248193
_d248193